|
|
|
|
| LEADER |
00000nam0a2200000 4500 |
| 001 |
183926 |
| 005 |
20231101223813.0 |
| 010 |
|
|
|a 013958661X
|
| 035 |
|
|
|a (RuTPU)RU\TPU\book\199400
|
| 090 |
|
|
|a 183926
|
| 100 |
|
|
|a 20100824d1999 m y0rusy50 ca
|
| 101 |
0 |
|
|a eng
|
| 102 |
|
|
|a US
|
| 105 |
|
|
|a a j 001zy
|
| 200 |
1 |
|
|a Understanding and using English grammar
|f B. S. Azar
|
| 205 |
|
|
|a third ed.
|
| 210 |
|
|
|a New York
|c Longman
|d 1999
|
| 215 |
|
|
|a 475 p.
|c il.
|
| 320 |
|
|
|a Index: p. 467-475.
|
| 606 |
1 |
|
|a Английский язык
|x Учебные руководства и пособия для высшей школы
|x Пособия по грамматике
|2 stltpush
|3 (RuTPU)RU\TPU\subj\29073
|9 52485
|
| 610 |
1 |
|
|a устная речь
|
| 610 |
1 |
|
|a письменная речь
|
| 610 |
1 |
|
|a упражнения
|
| 610 |
1 |
|
|a ошибки
|
| 610 |
1 |
|
|a самостоятельная работа
|
| 686 |
|
|
|a Ш143.21-923.2
|v LBC/SL-A
|2 rubbk
|
| 700 |
|
1 |
|a Azar
|b B. S.
|g Betty Schrampfer
|
| 801 |
|
1 |
|a RU
|b 63413507
|c 20100824
|
| 801 |
|
2 |
|a RU
|b 63413507
|c 20130328
|g RCR
|
| 942 |
|
|
|c BK
|